| 000 | 01568cam a22003371i 4500 | ||
|---|---|---|---|
| 003 | SA-RiAUC | ||
| 005 | 20250305184535.0 | ||
| 008 | 250303s2012 sy h g b 00100 ara c | ||
| 020 | _a 9789933459543 | ||
| 040 |
_aSA-RiAUC _bara _cSA-RiAUC _erda |
||
| 082 | 0 | 4 |
_a745.6191 _qSA-RiAUC |
| 090 |
_a745.6191 _bا ب ن ب |
||
| 100 | 1 |
_aابن البصيص، محمد بن موسى بن علي _eمؤلف. |
|
| 245 | 1 | 0 |
_aشرح قصيدة ابن البواب في علم صناعة الكتاب / _cتأليف محمد بن موسى بن علي الشافعي ؛ تحقيق يوسف ذنون. |
| 250 | _aالطبعة الأولى. | ||
| 264 | 1 |
_aدمشق : _bدار النوادر، _c2012 |
|
| 300 |
_a87 صفحة : _bمثيليات ؛ _c24 سم. |
||
| 336 |
_aنص _btxt _2rdacontent _3كتاب |
||
| 337 |
_aبدون وسيط _bn _2rdamedia |
||
| 338 |
_aمجلد _bnc _2rdacarrier |
||
| 490 | 1 |
_aالفن الإسلامي ؛ _v3 |
|
| 500 | _aيشتمل على كشافات. | ||
| 504 | _aببليوجرافية : صفحة 79-86. | ||
| 650 | 7 |
_aالخط العربي _xتاريخ _2aucsh |
|
| 700 | 1 |
_aذنون، يوسف، _d1932- _eمحقق. |
|
| 700 | 1 | 2 |
_iشرح لـ (عمل) : _aابن البواب، علي بن هلال، _dتوفي 423 هجري |
| 700 | 1 | 2 |
_iتحقيق لـ (عمل) : _aابن البصيص، محمد بن موسى بن علي، _dقرن 8 هـ _tشرح قصيدة ابن البواب في علم صناعة الكتاب. |
| 830 | 2 |
_aالفن الإسلامي _v3 |
|
| 942 |
_2ddc _cBOOK _n0 |
||
| 949 |
_aSA-JeALM _d250303 _umohamedma123 _n1 |
||
| 999 |
_c6271 _d6271 |
||